000 01063cgm a2200301 4500
001 J711
008 090401t1992 xxu||||| |||| 00| 0 eng d
035 _a(Sirsi) u76396
041 _aeng
050 _a333.33
100 _aSutton, Jim
245 _aEstate Agents Act: orders and regulations (sound recording).
260 _aLondon
_bRoyal Institution of Chartered Surveyors
_c1992
300 _a1 sound cassette (60 min.)
350 _a0
490 _aOwlion Audio Programme
520 _aExamines the provisions of the Act effective from 31 March 1992, and explains the procedures to be adopted in connection with the sale of residential and commercial property.
650 _aAUDIO CASSETTES
650 _aESTATE AGENTS ACT 1979
650 _aSTATUTORY INSTRUMENTS
690 _aMANAGEMENT-BUSINESS MANAGEMENT-PROFESSIONAL PRACTICE
700 _aRobinson, David
700 _aShort, Peter
710 _aRoyal Institution of Chartered Surveyors
_94900
710 _aCollege of Estate Management
_9400
942 _n0
948 _c04/03/1997
999 _c85344
_d85344